000 00948cam a22002651 4500
001 he 68001399
003 DLC
005 20260227111458.0
008 850102s1967 is a 000 0 heb
010 _ahe 68001399
035 _a(OCoLC)19204253
040 _aDLC
_cMH
_dCU
_dDLC
041 1 _aheb
_hrus
042 _apremarc
050 0 0 _aPG3367.H4
_bK5
100 1 _aTolstoy, Aleksey Konstantinovich,
_cgraf,
_d1817-1875.
240 1 0 _aKni͡az śerebri͡anyĭ.
_lHebrew
245 1 0 _aNesikh ha-kesef :
_bsipur hisṭori mi-yeme Iṿan he-Ayom /
_cA. Ḳ. Ṭolsṭoi ; [turgam me-Rusit bi-yede Avraham Ḳariv] ; [rishumim me-et Shelomoh Ṿitḳin]
260 _aTel Aviv :
_bAm ʻoved,
_c[1967]
300 _a2 v. :
_bill. ;
_c23 cm.
440 0 _aSifriyat Dan ḥaskhan ;
_v30-31
500 _aTranslation of: Kni͡az śerebri͡anyĭ.
600 0 0 _aIvan
_bIV,
_cCzar of Russia,
_d1530-1584
_vFiction.
700 1 _aKariv, Avraham,
_d1900-1976.
999 _c33285
_d33285